Tecnologa̕ de electrodil̀isis reversibles.

-д хадгалсан:
Номзүйн дэлгэрэнгүй
Бусад зохиолчид: EOI Escuela de Organizacin̤ Industrial
Формат: Ном
Хэл сонгох:испани
Нөхцлүүд:
Онлайн хандалт:Tecnologa̕ de electrodil̀isis reversibles.
Шошгууд: Шошго нэмэх
Шошго байхгүй, Энэхүү баримтыг шошголох эхний хүн болох!

MARC

LEADER 00000nam a22000004a 4500
001 vpro6292
005 20201223000000.0
008 130801s2013 ck # g## #001 0#spa#d
020
022
040 |a CO-BoINGC 
041 0 |a spa 
245 1 0 |a Tecnologa̕ de electrodil̀isis reversibles.  
246
264 |a Bogot ̀(Colombia) :  |b Revista VirtualPRO,  |c 2013 
520 3
650 \ \
650 \ \
650 \ \
650 \ \ |a   
700 \ \ |a EOI Escuela de Organizacin̤ Industrial 
856 |z Tecnologa̕ de electrodil̀isis reversibles.   |u https://virtualpro.unach.elogim.com/biblioteca/tecnologia-de-electrodialisis-reversibles-